|
|
|
|
| LEADER |
00000ny a22000003n 4500 |
| 005 |
20110526143222.0 |
| 008 |
980511s1998 sp s 000 spa c |
| 017 |
|
|
|a B194-1998
|
| 020 |
|
|
|a 8492316705
|
| 035 |
|
|
|a 519
|
| 040 |
|
|
|a UMA.CEE
|d vLex
|
| 040 |
|
|
|a UMA.RE
|d vLex
|
| 080 |
|
|
|a 369.022:658.3.077.1-05(460)
|
| 080 |
|
|
|a 658.3.007.1-05:369.022(460)
|
| 090 |
|
|
|c 299
|d 299
|
| 100 |
1 |
|
|a Hurtado Cobles, Još
|
| 245 |
1 |
3 |
|a La responsabilidad de los administradores societarios en el m̀bito civil y social
|h [Recurso electrn̤ico]
|b Estudio de su problemt̀ica en la praxis judicial) /
|c Jos ̌Hurtado Cobles
|
| 256 |
|
|
|a Servicio en ln̕ea
|
| 260 |
|
|
|a Barcelona :
|b Atelier,
|c 1998
|
| 300 |
|
|
|a 165 p. ;
|c 22 cm
|
| 504 |
|
|
|a Índice
|
| 506 |
1 |
|
|a Contenido solo disponible en los productos indicados
|d vLex Global
|d vLex Global (Academic Edition, excluding Law Schools)
|d vLex Global (U.S. Academic Edition, Law Schools)
|d vLex Global (U.S. Academic Edition, excluding Law Schools)
|d vLex Global (Academic Edition, Law Schools)
|
| 650 |
0 |
4 |
|a Responsabilidad patrimonial
|2 Tesauro vLex
|
| 650 |
0 |
4 |
|a Civil
|2 Tesauro vLex
|
| 650 |
0 |
4 |
|a Administracin̤ de la sociedad
|2 Tesauro vLex
|
| 650 |
0 |
4 |
|a Societario
|2 Tesauro vLex
|
| 650 |
0 |
4 |
|a Sociedades
|2 Tesauro vLex
|
| 650 |
0 |
4 |
|a Derecho de sociedades
|2 Tesauro vLex
|
| 650 |
0 |
4 |
|a Administradores
|2 Tesauro vLex
|
| 650 |
0 |
4 |
|a Obligaciones y responsabilidad de los administradores
|2 Tesauro vLex
|
| 650 |
0 |
4 |
|a Responsabilidad
|2 Tesauro vLex
|
| 650 |
0 |
4 |
|a Responsabilidad de los administradores ante terceros
|2 Tesauro vLex
|
| 740 |
0 |
|
|a vLex Libros (Servicios en ln̕ea)
|
| 856 |
4 |
0 |
|u http://vlex.com/source/519
|z Acceso restringido
|
| 942 |
|
|
|c BOOK
|
| 999 |
0 |
|
|a Civil Law
|b Barcelona
|